01262 a2200181 45000010006000000050017000060080041000230030015000640400040000790800034001192450045001530200018001982640034002163000019002505050784002690410008010531000019010614123020260407155706.0260407a1985 arg spa dAR-UNSa-BCEJYS aAR-UNSa-BCEJYSbspacAR-UNSa-BCEJYS a94(82)xHistoria de Argentina10aHistoria de las instituciones argentinas a950-14-1404-3 1aBuenos Aires :bDepalmac1985 a279 p.c23 cm. a1. El poder constituyente, concepto, finalidad, etapas y límites - 2. Autoridades e instituciones españolas. La verdadera influencia hispánica - 3. La idea de la independencia y las fuerzas para su consumación - 4. La revolución de Mayo - 5. Primeros ensayos de organización institucional - 6. La asamblea del año XIII. Proyectos de constitución. Los diputados orientales - 7. Federalismo y republicanismo.Unitarismo y tendencia monarquizante. 8. El régimen de los pactos. El congreso nacional de 1824-1827 - 9. Los pactos interprovinciales de 1829 a 1831, López, Quiroga y Rosas - 10. La generación de 1837 - 11. El proceso de la organización nacional - 12. La unión nacional - 13. Organización institucional después de Caseros - 20. El siglo XX -  aspa1 aBravo, Omar A.